Least Populated Capital Cities in Africa - Statistics

General Stats
  • This quiz has been taken 36 times
    22 since last reset
  • The average score is 8 of 10
Answer Stats
Population City % Correct
80,099 São Tomé
100%
201,851 Maseru
93%
28,091 Victoria
93%
68,010 Mbabane
87%
62,351 Moroni
80%
149,365 Port Louis
80%
167,504 Praia
80%
285,328 Porto-Novo
73%
269,338 Gaborone
47%
231,072 Yamoussoukro
33%
No matching quizzes found
Score Distribution
Percent of People with Each Score
Percentile by Number Answered
Your Score History
You have not taken this quiz since the last reset